header

Money market integration (Record no. 207104)

MARC details
000 -LEADER
fixed length control field 01570nam a2200373Ia 4500
100 1# - MAIN ENTRY--AUTHOR NAME
Personal name Bartolini, Leonardo.
245 10 - TITLE STATEMENT
Title Money market integration
260 ## - PUBLICATION, DISTRIBUTION, ETC. (IMPRINT)
Place of publication [Washington, D.C.] :
Name of publisher International Monetary Fund, Research Dept.,
Year of publication 2006.
300 ## - PHYSICAL DESCRIPTION
Number of Pages 26 p. :
Other physical details ill.
490 1# - SERIES STATEMENT
Series statement IMF working paper ;
500 ## - GENERAL NOTE
General note "September 2006."
General note Caption title.
650 #0 - SUBJECT ADDED ENTRY--TOPICAL TERM
Topical Term Euro-dollar market
Topical Term Federal funds market (United States)
Topical Term Foreign exchange rates
Topical Term Money market
700 1# - ADDED ENTRY--PERSONAL NAME
Personal name Hilton, R. Spence.
Personal name Prati, Alessandro,
856 40 - ELECTRONIC LOCATION AND ACCESS
Uniform Resource Identifier http://site.ebrary.com/lib/rucke/Doc?id=10380897

No items available.

© 2026 Rongo University
Contact us: librarian | system librarian | Rongo university